<?xml version="1.0" encoding="UTF-8"?>
<record
    xmlns:xsi="http://www.w3.org/2001/XMLSchema-instance"
    xsi:schemaLocation="http://www.loc.gov/MARC21/slim http://www.loc.gov/standards/marcxml/schema/MARC21slim.xsd"
    xmlns="http://www.loc.gov/MARC21/slim">

  <leader>01397nam a22002897a 4500</leader>
  <controlfield tag="001">8845</controlfield>
  <controlfield tag="003">FISKH</controlfield>
  <controlfield tag="005">20251023092543.0</controlfield>
  <controlfield tag="008">251023b        cb ||||| |||| 00| 0 eng d</controlfield>
  <datafield tag="040" ind1=" " ind2=" ">
    <subfield code="a">FISKH</subfield>
    <subfield code="b">khr</subfield>
    <subfield code="c">FISKH</subfield>
    <subfield code="d">FISKH</subfield>
  </datafield>
  <datafield tag="082" ind1=" " ind2=" ">
    <subfield code="a">895.922</subfield>
  </datafield>
  <datafield tag="100" ind1=" " ind2=" ">
    <subfield code="a">Ministry of Education, Youth and Sports </subfield>
  </datafield>
  <datafield tag="245" ind1=" " ind2=" ">
    <subfield code="a">&#x178A;&#x17B6;&#x1780;&#x17CB;&#x1793;&#x17C5;&#x1791;&#x17B8;&#x1793;&#x17C1;&#x17C7; /</subfield>
    <subfield code="c">&#x1780;&#x17D2;&#x179A;&#x179F;&#x17BD;&#x1784;&#x17A2;&#x1794;&#x17CB;&#x179A;&#x17C6; &#x1799;&#x17BB;&#x179C;&#x1787;&#x1793; &#x1793;&#x17B7;&#x1784;&#x1780;&#x17B8;&#x17A1;&#x17B6;</subfield>
  </datafield>
  <datafield tag="260" ind1=" " ind2=" ">
    <subfield code="a">&#x1797;&#x17D2;&#x1793;&#x17C6;&#x1796;&#x17C1;&#x1789; :</subfield>
    <subfield code="b">&#x1780;&#x17D2;&#x179A;&#x179F;&#x17BD;&#x1784;&#x17A2;&#x1794;&#x17CB;&#x179A;&#x17C6; &#x1799;&#x17BB;&#x179C;&#x1787;&#x1793; &#x1793;&#x17B7;&#x1784;&#x1780;&#x17B8;&#x17A1;&#x17B6; , </subfield>
    <subfield code="c">2010.</subfield>
  </datafield>
  <datafield tag="300" ind1=" " ind2=" ">
    <subfield code="a">8 pages : </subfield>
    <subfield code="b">color illustrations ;</subfield>
    <subfield code="c">30 cm . </subfield>
  </datafield>
  <datafield tag="490" ind1=" " ind2=" ">
    <subfield code="a">Let's Read </subfield>
  </datafield>
  <datafield tag="505" ind1=" " ind2=" ">
    <subfield code="a">F 

</subfield>
  </datafield>
  <datafield tag="520" ind1=" " ind2=" ">
    <subfield code="a">&#x179F;&#x17BB;&#x1792;&#x17B6; &#x179F;&#x17BB;&#x1781;&#x17B6;&#x200B; &#x1794;&#x17BC;&#x1795;&#x17B6; &#x1794;&#x17D2;&#x179A;&#x17B6;&#x1794;&#x17CB;&#x179F;&#x17B6;&#x178A;&#x17C2;&#x179B;&#x1787;&#x17B6;&#x179F;&#x178F;&#x17D2;&#x179C;&#x179F;&#x17D2;&#x179C;&#x17B6; &#x1780;&#x17BB;&#x17C6;&#x178A;&#x17B6;&#x1780;&#x17CB;&#x179F;&#x1798;&#x17D2;&#x179A;&#x1780;&#x1785;&#x17C1;&#x1780;&#x1793;&#x17C5;&#x179B;&#x17BE;&#x178A;&#x17B8; &#x17A2;&#x17C4;&#x1799;&#x178A;&#x17B6;&#x1780;&#x17CB;&#x1793;&#x17C5;&#x1791;&#x17B8;&#x1793;&#x17C1;&#x17C7;&#x179C;&#x17B7;&#x1789; ( &#x1792;&#x17BB;&#x1784;&#x179F;&#x1798;&#x17D2;&#x179A;&#x17B6;&#x1798; )&#x200B; &#x17D4;</subfield>
  </datafield>
  <datafield tag="520" ind1=" " ind2=" ">
    <subfield code="a">Sothea, Sokha, and Bopha told Sa, the monkey, &#x201C;Don&#x2019;t throw banana peels on the ground. Put them here instead &#x2014; in the trash bin.&#x201D;</subfield>
  </datafield>
  <datafield tag="521" ind1="8" ind2=" ">
    <subfield code="a">300 
</subfield>
    <subfield code="b">Lexile estimate 
</subfield>
  </datafield>
  <datafield tag="521" ind1="8" ind2=" ">
    <subfield code="a">F 
</subfield>
    <subfield code="b">Raz-Plus 
</subfield>
  </datafield>
  <datafield tag="650" ind1=" " ind2=" ">
    <subfield code="a">&#x178A;&#x17B6;&#x1780;&#x17CB;&#x1793;&#x17C5;&#x1791;&#x17B8;&#x1793;&#x17C1;&#x17C7;</subfield>
    <subfield code="v">&#x179A;&#x17BF;&#x1784;&#x1793;&#x17B7;&#x1791;&#x17B6;&#x1793;&#x1780;&#x17BB;&#x1798;&#x17B6;&#x179A;</subfield>
  </datafield>
  <datafield tag="650" ind1=" " ind2=" ">
    <subfield code="a">Put them here </subfield>
    <subfield code="v">Children's Stories </subfield>
  </datafield>
  <datafield tag="700" ind1=" " ind2=" ">
    <subfield code="a">Luy Luy , Yam</subfield>
    <subfield code="e">Illustrator </subfield>
  </datafield>
  <datafield tag="942" ind1=" " ind2=" ">
    <subfield code="2">ddc</subfield>
    <subfield code="c">KHB</subfield>
    <subfield code="n">0</subfield>
  </datafield>
  <datafield tag="999" ind1=" " ind2=" ">
    <subfield code="c">8845</subfield>
    <subfield code="d">8845</subfield>
  </datafield>
  <datafield tag="952" ind1=" " ind2=" ">
    <subfield code="0">0</subfield>
    <subfield code="1">0</subfield>
    <subfield code="2">ddc</subfield>
    <subfield code="4">0</subfield>
    <subfield code="7">0</subfield>
    <subfield code="8">KH</subfield>
    <subfield code="a">002</subfield>
    <subfield code="b">002</subfield>
    <subfield code="c">TTP Khmer</subfield>
    <subfield code="d">2025-10-23</subfield>
    <subfield code="l">0</subfield>
    <subfield code="o">MIN 895.922</subfield>
    <subfield code="p">2025-4709</subfield>
    <subfield code="r">2025-10-23 09:25:40</subfield>
    <subfield code="w">2025-10-23</subfield>
    <subfield code="y">KHB</subfield>
  </datafield>
</record>
